Juan Cristóbal

Salvato in:
Dettagli Bibliografici
Autore principale: Rolland, Romain (Autore)
Natura: Libro
Lingua:spagnolo
Pubblicazione: Buenos Aires Hachette 1955
Soggetti:
Tags: Aggiungi Tag
Nessun Tag, puoi essere il primo ad aggiungerne!!

MARC

LEADER 00000nam a2200000 a 4500
001 UCT1137
003 CL-VaPUC
008 960927e19550000AG |||||||||||||||||spa|d
082 0 4 |a 843  |b ROL  |2 21 
100 0 |a Rolland, Romain  |e author  |9 369942 
245 1 0 |a Juan Cristóbal 
300 |a v 
942 |c BK 
945 |d 19960927 00:00:00  |a rleighto 
260 |a Buenos Aires  |b Hachette  |c 1955 
650 0 |a Novela francesa  |9 264985 
583 |a last modification  |c 19960927 00:00:00  |k Rodrigo Vera 
999 |c 251785  |d 251783 
952 |0 0  |1 0  |4 0  |6 843_000000000000000_ROL_1955  |7 0  |8 A  |9 271185  |a BIBEDU  |b BIBEDU  |d 2019-11-19  |h v.2  |i 3233855  |o 843 ROL 1955  |p 3233855  |r 2019-11-19  |w 2019-11-19  |y BK  |k LIT 
952 |0 0  |1 0  |4 0  |6 843_000000000000000_ROL_1955  |7 0  |8 A  |9 271186  |a BIBEDU  |b BIBEDU  |d 2019-11-19  |h v.2  |i 4662733  |o 843 ROL 1955  |p 4662733  |r 2019-11-19  |w 2019-11-19  |y BK  |k LIT 
952 |0 0  |1 0  |4 0  |6 843_000000000000000_ROL_1955  |7 0  |8 A  |9 271187  |a BIBEDU  |b BIBEDU  |d 2019-11-19  |h v.1  |i 4778022  |o 843 ROL 1955  |p 4778022  |r 2019-11-19  |w 2019-11-19  |y BK  |k LIT